Segunda mesa redonda del programa cooperativo subregional de producción de leguminosas alimenticias en los países del Cono Sur.
Guardado en:
| Autores Corporativos: | , |
|---|---|
| Formato: | Libro |
| Idioma: | Spanish |
| Publicado: |
Santiago, Chile :
FAO,
1985.
|
| Series: | RLAC/85/24 ;
CULT-19 |
| Etiquetas: |
Agregar Etiqueta
Sin Etiquetas, Sea el primero en etiquetar este registro!
|
| LEADER | 00826nam a22001575a 4500 | ||
|---|---|---|---|
| 001 | EEA.libagro010446 | ||
| 005 | 20181113114430.0 | ||
| 008 | 130809s1985####cl############100#0#spa#d | ||
| 082 | 0 | 4 | |a 635.65 |
| 111 | 2 | |a Mesa redonda del programa cooperativo subregional de producción de leguminosas alimenticias en los países del Cono Sur |n (2 : |d 18-19 de octubre de 1984 : |c Montevideo) | |
| 245 | 1 | 0 | |a Segunda mesa redonda del programa cooperativo subregional de producción de leguminosas alimenticias en los países del Cono Sur. |
| 260 | |a Santiago, Chile : |b FAO, |c 1985. | ||
| 300 | |a 51 p. ; |c 28 cm. | ||
| 490 | 1 | |a RLAC/85/24 ; |v CULT-19 | |
| 710 | 2 | |a Organización de las Naciones Unidas para la Agricultura y la Alimentación. |b Oficina Regional para América Latina y el Caribe. | |
| 859 | |a AR-BbBCA |b BIB. AGRONOMIA |h 635.65 |i F218 2 1984 |p 1991/1781 | ||
